Normal view
MARC view
- Folktales
Entry Topical Term
001 - CONTROL NUMBER
- control field: 87011
003 - CONTROL NUMBER IDENTIFIER
- control field: OSt
005 - DATE AND TIME OF LATEST TRANSACTION
- control field: 20251210094953.0
008 - FIXED-LENGTH DATA ELEMENTS
- fixed length control field: 251210|| aca||aabn | a|a d
040 ## - CATALOGING SOURCE
- Original cataloging agency: OSt
- Transcribing agency: OSt
150 ## - HEADING--TOPICAL TERM
- Topical term or geographic name as entry element: Folktales
670 ## - SOURCE DATA FOUND
- Source citation: Work cat.: (OSt)49918: (Khmer) Cambodian folktales of 25 provinces / , 2012.